Loading...

Architecture and stone test/

Bibliographic Details
Main Author: Shrikrishan Jugnu
Format: Printed Book
Published: Delhi: New Bharatiya Book Corporation, 2005.
Subjects:
LEADER 00497nam a22001457a 4500
020 |a 8183150152 
082 |a S 720  |b SHR/V 
100 |a Shrikrishan Jugnu 
245 |a Architecture and stone test/  |c by Shrikrishan Jugnu. 
260 |a Delhi:  |b New Bharatiya Book Corporation,  |c 2005. 
300 |a 85p. 
650 |a Architecture 
942 |c BK 
999 |c 57499  |d 57499 
952 |0 0  |1 0  |4 0  |6 S_720_000000000000000_SHR_V  |7 0  |9 80691  |a SSUS  |b SSUS  |c STACKS  |d 2015-12-01  |g 150.00  |o S 720 SHR/V  |p 079243  |r 2015-12-01  |w 2015-12-01  |y BK